000 00443nam a2200193Ia 4500
005 20240823032021.0
008 240823s9999||||xx |||||||||||||| ||und||
020 _a1403-92471-6
041 _aENGLISH
082 _A658.4 P5
100 _aEvelyn Clark
245 0 _aAround the Corporate campire
250 _a1st
260 _c2005
_b"Macmillam ,Ne"
500 _aYES
650 _aCorporate
_bGeneral
942 _cBK
999 _c192442
_d192442